1151 1352 1060 1097 1530 1133 1719 1962 1198 1944 1797 1251 1195 1550 1364 1439 1802 1480 1545 1378 1797 1122 1148 1105 1489 1445 1963 1227 1848 1160 1953 1728 1390 1617 1786 1009 1506 1097 1215 1000 1251 1991 1142 1372 1995 1202 1131 1702 1138 1456 1313 1507 1597 1474 1807 1516 1920 1273 1725 1052 1177 1667 1185 1829 1688 1247 1751 1821 1358 1158 1769 1224 1181 1751 1142 1627 1058 1627 1663 1566 1741 1351 1567 1839 1466 1091 1672 1924 1813 1761 1477 1273 1681 1779 1357 1694 1157 1589 1216 BCNSPRNW ULIB Ver.6.0+V

เปลี่ยนเป็นภาษาไทย

Change to English
 แสดงรายละเอียดบรรณานุกรม
  กลับหน้าหลัก

Brief Record : Get Marc (ISO 2709) : E-mail record : QR code < ปิดหน้าต่าง
LEADER : 00000nam 2200000uu 4500
001    13399111937
003     ULIB
008    110712s2548||||th 000 0 tha d
020    9749295285
050  4 DS901^bท622ต 2548
100 0  เทพรัตนราชสุดาฯ สยามบรมราชกุมารี,^cสมเด็จพระ,^d2498-
245 10 ต้นน้ำ ภูผา และป่าทราย /^cพระราชนิพนธ์ในสมเด็จพระเทพรัตนราชสุดาฯ สยามบรมราชกุมารี
250    พิมพ์ครั้งที่ 1
260    กรุงเทพฯ :^bมูลนิธิสมเด็จพระเทพรัตนราชสุดา,^c2548
300    5, 274 หน้า :^bภาพประกอบ, แผนที่ ;^c21 ซม.
440  0 ชุดเสด็จพระราชดำเนินเยือนต่างประเทศ ;^vลำดับที่ 48
600 07 เทพรัตนราชสุดาฯ สยามบรมราชกุมารี,^cสมเด็จพระ,^d2498-^xการเยือนต่างประเทศ
600 07 เทพรัตนราชสุดาฯ สยามบรมราชกุมารี,^cสมเด็จพระ,^d2498-^xผลงาน
651  7 จีน, สาธารณรัฐประชาชน^xภูมิประเทศและการท่องเที่ยว
710 2  มูลนิธิสมเด็จพระเทพรัตนราชสุดา
945    ^p240^l0^i022209
995    ทศพร
999 ^a ใช้งานได้ทุกระบบ
รายการนี้ยังไม่มีแท็ก
คุณยังไม่ได้ล็อกอิน คุณสามารถมีกิจกรรมร่วมกับเว็บไซต์ได้ แต่ต้องล็อกอินก่อน ::
  ล็อกอิน

รายการสื่อสารสนเทศ

ลำดับที่ ประเภท เลขเรียก/บาร์โค้ด สถานที่ สถานะ
- ไม่พบข้อมูล -

BibComment


ยังไม่เคยถูกคอมเมนท์

คอมเมนท์ทรัพยากรรายการนี้
  คอมเมนท์: ต้นน้ำ ภูผา และป่..


 Copyright 2026. Bcnsprnw @Library